NHL Playoffs 2023/24 Quiz - Statistics

General Stats
  • This quiz has been taken 62 times
  • The average score is 11 of 15
Answer Stats
Question Answer % Correct
Who won in the series between the Boston Bruins and Toronto Maple Leafs? Boston in 7
95%
Who won in the series between the Florida Panthers and Edmonton Oilers? Florida in 7
95%
Who won in the series between the Edmonton Oilers and Los Angeles Kings? Edmonton in 5
91%
Who won in the series between the New York Rangers and Florida Panthers? Florida in 6
82%
Who won in the series between the Vancouver Canucks and Nashville Predators? Vancouver in 6
82%
Who won in the series between the Dallas Stars and Edmonton Oilers? Edmonton in 6
73%
Who won in the series between the Florida Panthers and Tampa Bay Lightning? Florida in 5
73%
Who won in the series between the New York Rangers and Washington Capitals? New York in 4
73%
Who won in the series between the Carolina Hurricanes and New York Islanders? Carolina in 5
68%
Who won in the series between the Winnipeg Jets and Colorado Avalanche? Colorado in 5
68%
Who won in the series between the Dallas Stars and Colorado Avalanche? Dallas in 6
59%
Who won in the series between the Florida Panthers and Boston Bruins? Florida in 6
59%
Who won in the series between the Dallas Stars and Vegas Golden Knights? Dallas in 7
50%
Who won in the series between the Vancouver Canucks and Edmonton Oilers? Edmonton in 7
50%
Who won in the series between the New York Rangers and Carolina Hurricanes? New York in 6
45%
No matching quizzes found
Score Distribution
Percent of People with Each Score
Percentile by Number Answered
Your Score History
You have not taken this quiz